000 00853nam a2200313Ia 4500
008 160803s9999 xx 000 0 und d
020 _a9780545147835
100 _aHarper, Charise Mericle
245 _aStill just Grace /
245 _cwritten and illustrated by Charise Mericle Harper.
260 _aNew York :
260 _bScholastic Inc.
260 _c2007
300 _a152 pages :
300 _billustrations ;
300 _c20 cm
500 _aOriginally published: Boston : Houghton Mifflin, 2007.
650 _aBest friends --
650 _aBest friends --
650 _aFriendship --
650 _aSchools --
650 _aTeachers --
650 _xFiction.
650 _xJuvenile fiction.
650 _xJuvenile fiction.
650 _xJuvenile fiction.
650 _xJuvenile fiction.
700 _a1100
999 _c298581
_d298581